00782nam a2200181Ia 4500001001100000003000500011008004100016010001100057040000900068100003900077245019500116260003400311300002200345502010500367520004100472700003700513710005000550Para_10099CHAP220125sJuli xx 000 0 und d a208790 cCHAP aMartínez Villarreal Sandra Edith aComportamaiento de la comunidad de nemátodos en el cultivo de maíz (Zea mays), inoculado con hongos micorrízicos /c Sandra Edith Martínez Villarreal; Director Víctor Manuel Pinto aChapingo, Méx. :b el autor a1 CDS ROM (80 p.) aTesis (Ing. Agr. Esp. en Parasitología Agrícola). UACh. Departamento Parasitología Agrícola a(M.C. en Protección Vegetal) UACh aPinto, Víctor Manuel. Director aUACh. Departamento Parasitología Agrícola